[Event "GER-ch Net qual4 U18"]
[Site "Playchess.com INT"]
[Date "2009.06.17"]
[Round "4"]
[White "Kappe, Benedikt"]
[Black "Sergin, Mark"]
[Result "1-0"]
[WhiteElo "2027"]
[BlackElo "2185"]
[PlyCount "65"]
[EventDate "2009.06.17"]
[EventType "swiss (blitz)"]
[EventRounds "7"]
[EventCountry "GER"]
[SourceTitle "CBM 130 Extra"]
[Source "ChessBase"]
[SourceDate "2009.07.02"]
[SourceVersion "2"]
[SourceVersionDate "2009.07.15"]
[SourceQuality "1"]

1. e4 c5 2. c3 d5 3. exd5 Qxd5 4. d4 Nf6 5. Nf3 Bg4 6. Be2 e6 7. h3 Bh5 8. Be3 cxd4 9. cxd4 Nc6 10. Nc3 Qd8 11. 0-0 Be7 12. Qb3 0-0 13. Qxb7 Na5 14. Qa6 Rb8 15. Ne5 Rxb2 16. Bxh5 Nxh5 17. Qxa7 Bb4 18. Na4 Rc2 19. Rfc1 Rxc1+ 20. Rxc1 Qd5 21. Nc3 Bxc3 22. Rxc3 Qxa2 23. Kh2 Qa1 24. Rc1 Qa3 25. Rc7 Qd6 26. Rxf7 Nb3 27. g4 Nf6 28. Rxg7+ Kh8 29. Kg1 Qb8 30. Qe7 Nxd4 31. Bxd4 Qb1+ 32. Kg2 Ne4 33. Qxf8# 1-0

[Event "GER-ch Net qual1 U18"]
[Site "Playchess.com INT"]
[Date "2009.05.10"]
[Round "7"]
[White "Brunold, Robert"]
[Black "Kappe, Benedikt"]
[Result "1-0"]
[WhiteElo "1484"]
[BlackElo "2027"]
[PlyCount "35"]
[EventDate "2009.05.10"]
[EventType "swiss (blitz)"]
[EventRounds "7"]
[EventCountry "GER"]
[SourceTitle "CBM 130 Extra"]
[Source "ChessBase"]
[SourceDate "2009.07.02"]
[SourceVersion "2"]
[SourceVersionDate "2009.07.15"]
[SourceQuality "1"]

1. d4 Nf6 2. f3 d5 3. e4 dxe4 4. Nc3 exf3 5. Nxf3 Bg4 6. h3 Bxf3 7. Qxf3 c6 8. Be3 Nd5 9. Bc4 e6 10. 0-0 Qc7 11. Bg5 Bd6 12. Ne4 0-0 13. c3 Nd7 14. Bd3 e5 15. Qh5 g6 16. Qh6 Be7 17. Bxe7 Nxe7 18. Ng5 1-0

[Event "GER-ch Net qual1 U18"]
[Site "Playchess.com INT"]
[Date "2009.05.10"]
[Round "1"]
[White "Kappe, Benedikt"]
[Black "Andre, Jonas"]
[Result "1-0"]
[WhiteElo "2027"]
[BlackElo "1282"]
[PlyCount "141"]
[EventDate "2009.05.10"]
[EventType "swiss (blitz)"]
[EventRounds "7"]
[EventCountry "GER"]
[SourceTitle "CBM 130 Extra"]
[Source "ChessBase"]
[SourceDate "2009.07.02"]
[SourceVersion "2"]
[SourceVersionDate "2009.07.15"]
[SourceQuality "1"]

1. e4 d5 2. exd5 Qxd5 3. Nc3 Qa5 4. d4 Nf6 5. Bc4 c6 6. Bd2 Qc7 7. Nf3 Bf5 8. 0-0 e6 9. h3 Nbd7 10. Nh4 Bg6 11. Nxg6 hxg6 12. Qe2 0-0-0 13. Bg5 Rh5 14. f4 Be7 15. Ne4 Nb6 16. Bxf6 Bxf6 17. Nxf6 gxf6 18. Rad1 Rdh8 19. Bb3 Qd7 20. c4 Qc7 21. Rd3 g5 22. fxg5 Rxg5 23. Rxf6 Rhg8 24. Rf2 Nd7 25. d5 Ne5 26. Re3 exd5 27. cxd5 cxd5 28. Bxd5 Qc1+ 29. Kh2 Qc7 30. Rc3 Nc6+ 31. Kh1 Qd7 32. Bxc6 bxc6 33. Qa6+ Kd8 34. Rd3 Rd5 35. Qa5+ Kc8 36. Rxd5 cxd5 37. Rc2+ Kb8 38. Rd2 Qf5 39. Qb5+ Kc8 40. Qc6+ Kb8 41. Qd6+ Kc8 42. Kh2 Rd8 43. Qc6+ Kb8 44. Qc3 Qf4+ 45. g3 Qc7 46. Qxc7+ Kxc7 47. g4 Kd6 48. Kg3 Ke5 49. h4 Rg8 50. Kf3 Rh8 51. h5 f5 52. gxf5 Rxh5 53. Kg4 Rxf5 54. Re2+ Kf6 55. Rc2 Rg5+ 56. Kf4 Rf5+ 57. Ke3 Re5+ 58. Kd4 Rf5 59. Rc6+ Kg5 60. Rd6 a6 61. Rxd5 Rxd5+ 62. Kxd5 Kf4 63. Kc5 Ke3 64. b4 Kd3 65. a4 Kc3 66. b5 axb5 67. axb5 Kb3 68. b6 Ka4 69. b7 Ka5 70. b8Q Ka4 71. Qb4# 1-0

[Event "GER-ch Net qual1 U18"]
[Site "Playchess.com INT"]
[Date "2009.05.10"]
[Round "4"]
[White "Zelbel, Patrick"]
[Black "Kappe, Benedikt"]
[Result "1-0"]
[WhiteElo "2330"]
[BlackElo "2027"]
[PlyCount "149"]
[EventDate "2009.05.10"]
[EventType "swiss (blitz)"]
[EventRounds "7"]
[EventCountry "GER"]
[SourceTitle "CBM 130 Extra"]
[Source "ChessBase"]
[SourceDate "2009.07.02"]
[SourceVersion "2"]
[SourceVersionDate "2009.07.15"]
[SourceQuality "1"]

1. e4 c6 2. d4 d5 3. f3 e6 4. Nc3 Nf6 5. Bf4 Bb4 6. Qd3 b6 7. Nge2 Ba6 8. Qe3 c5 9. 0-0-0 dxe4 10. dxc5 Qc8 11. Nxe4 Bxc5 12. Nxc5 Qxc5 13. Qxc5 bxc5 14. Nc3 Bxf1 15. Rhxf1 Nbd7 16. Nb5 0-0 17. Bd6 Rfc8 18. Rd2 a6 19. Nc3 Nb6 20. Be5 Nc4 21. Re2 Nxe5 22. Rxe5 Rc6 23. Rd1 Kf8 24. Na4 Rac8 25. c4 Ke7 26. Nc3 Rd6 27. Ree1 Rcd8 28. Kc2 Rxd1 29. Rxd1 Rxd1 30. Nxd1 Kd6 31. Kc3 Nh5 32. a3 Nf4 33. Ne3 Ne2+ 34. Kd3 Nd4 35. b4 g6 36. Ng4 h5 37. Nf6 Nf5 38. Ne4+ Kc6 39. Nxc5 a5 40. Ne4 axb4 41. axb4 Nh4 42. b5+ Kb6 43. Kc3 f5 44. Ng5 e5 45. g3 Ng2 46. Kb4 Ne3 47. c5+ Kc7 48. c6 Kb6 49. Ne6 Nd5+ 50. Kc4 Ne3+ 51. Kb4 Nd5+ 52. Kc4 Ne3+ 53. Kd3 Nd5 54. Nf8 Kxb5 55. Nxg6 Kxc6 56. Nxe5+ Kd6 57. f4 Ke6 58. Kd4 Nf6 59. Nf3 Ng4 60. Kc5 Nf2 61. Ng5+ Kf6 62. Kd5 Ng4 63. Nf3 Nf2 64. Kd6 Ng4 65. Kd7 Nf2 66. Ne5 h4 67. gxh4 Nh3 68. Nd3 Kg6 69. Ke6 Kh5 70. Kxf5 Kxh4 71. Kg6 Nxf4+ 72. Nxf4 Kg4 73. h3+ Kxf4 74. h4 Ke5 75. h5 1-0

[Event "Verbandsliga Nord Baden 0809"]
[Site "Germany"]
[Date "2009.01.11"]
[Round "5.5"]
[White "Koester, Peter"]
[Black "Kappe, Benedikt"]
[Result "1/2-1/2"]
[WhiteElo "2146"]
[BlackElo "2013"]
[PlyCount "102"]
[EventDate "2008.09.28"]
[EventType "team"]
[EventRounds "9"]
[EventCountry "GER"]
[SourceTitle "EXT 2010"]
[Source "ChessBase"]
[SourceDate "2010.11.25"]
[SourceVersion "1"]
[SourceVersionDate "2010.11.25"]
[SourceQuality "1"]
[WhiteTeam "Pfinztal"]
[BlackTeam "Walldorf"]
[WhiteTeamCountry "GER"]
[BlackTeamCountry "GER"]

1. e4 c6 2. d4 d5 3. Nd2 dxe4 4. Nxe4 Bf5 5. Ng3 Bg6 6. h4 h6 7. Nf3 Nd7 8. h5 Bh7 9. Bd3 Bxd3 10. Qxd3 e6 11. Bd2 Qc7 12. 0-0-0 Ngf6 13. Ne4 Nxe4 14. Qxe4 Nf6 15. Qe2 0-0-0 16. g3 Bd6 17. c4 c5 18. Bc3 cxd4 19. Nxd4 a6 20. Kb1 Rd7 21. Nb3 Qc6 22. Rhe1 Rhd8 23. c5 Be7 24. Rxd7 Qxd7 25. Bd4 Ne8 26. c6 bxc6 27. Qxa6+ Qb7 28. Qa4 Rd5 29. Rc1 Kd7 30. g4 e5 31. Be3 Nc7 32. Na5 Qb5 33. Qxb5 cxb5 34. Kc2 Ne6 35. Nb3 Bg5 36. Rd1 Rxd1 37. Kxd1 Bxe3 38. fxe3 g6 39. hxg6 fxg6 40. Ke2 Ng5 41. Nd2 Kd6 42. e4 Kc5 43. Ke3 h5 44. gxh5 gxh5 45. a3 h4 46. b4+ Kd6 47. Nf3 h3 48. Nh2 Ne6 49. Ng4 Nd4 50. Kf2 Ke6 51. Kg3 Nc2 1/2-1/2

[Event "Baden-ch U18/20"]
[Site "Schoeneck"]
[Date "2009.01.04"]
[Round "6"]
[White "Kappe, Benedikt"]
[Black "Maier, Marius"]
[Result "1/2-1/2"]
[WhiteElo "1985"]
[BlackElo "1797"]
[PlyCount "28"]
[EventDate "2009.01.02"]
[EventType "swiss"]
[EventRounds "7"]
[EventCountry "GER"]
[SourceTitle "EXT 2010"]
[Source "ChessBase"]
[SourceDate "2010.11.25"]
[SourceVersion "1"]
[SourceVersionDate "2010.11.25"]
[SourceQuality "1"]

1. e4 c6 2. d4 d5 3. Nc3 dxe4 4. Nxe4 Nf6 5. Nxf6+ gxf6 6. Bc4 Bf5 7. Ne2 e6 8. c3 Bd6 9. Bf4 Qc7 10. Bxd6 Qxd6 11. a4 Nd7 12. a5 Rd8 13. Ng3 Bg6 14. Qf3 f5 1/2-1/2

[Event "Baden-ch U18/20"]
[Site "Schoeneck"]
[Date "2009.01.04"]
[Round "5"]
[White "Warthmann, Alexander"]
[Black "Kappe, Benedikt"]
[Result "0-1"]
[WhiteElo "1598"]
[BlackElo "1985"]
[PlyCount "82"]
[EventDate "2009.01.02"]
[EventType "swiss"]
[EventRounds "7"]
[EventCountry "GER"]
[SourceTitle "EXT 2010"]
[Source "ChessBase"]
[SourceDate "2010.11.25"]
[SourceVersion "1"]
[SourceVersionDate "2010.11.25"]
[SourceQuality "1"]

1. e4 c6 2. d4 d5 3. exd5 cxd5 4. Bd3 Nf6 5. c3 Bg4 6. f3 Bh5 7. Ne2 Bg6 8. Bf4 Nbd7 9. Bxg6 hxg6 10. Nd2 e6 11. Qb3 Qb6 12. c4 dxc4 13. Qxc4 Nd5 14. Qd3 Nxf4 15. Nxf4 Bd6 16. Nh3 Nf6 17. a3 Be7 18. Nc4 Qa6 19. Rc1 Nd5 20. Qd2 Bf6 21. Nf4 Bg5 22. g3 Bxf4 23. gxf4 Rh4 24. b4 b5 25. Ne5 Qxa3 26. Kf2 Qxb4 27. Qc2 Qxd4+ 28. Ke1 Qb4+ 29. Kf2 Qd4+ 30. Ke1 Qe3+ 31. Kf1 Ne7 32. Qb2 b4 33. Rc7 Rxf4 34. Qa1 Rxf3+ 35. Nxf3 Qxf3+ 36. Kg1 Qg4+ 37. Kf2 Qf4+ 38. Kg2 Qxc7 39. Qxg7 Qc2+ 40. Kg1 Qc3 41. Qh6 Rd8 0-1

[Event "GER-chT U20"]
[Site "Arendsee"]
[Date "2008.12.28"]
[Round "4.3"]
[White "Endress, Anna"]
[Black "Kappe, Benedikt"]
[Result "1/2-1/2"]
[WhiteElo "2044"]
[BlackElo "1985"]
[PlyCount "95"]
[EventDate "2008.12.27"]
[EventType "team-swiss"]
[EventRounds "7"]
[EventCountry "GER"]
[SourceTitle "CBM 128 Extra"]
[Source "ChessBase"]
[SourceDate "2009.03.05"]
[SourceVersion "2"]
[SourceVersionDate "2009.03.25"]
[SourceQuality "1"]
[WhiteTeam "Schott Mainz"]
[BlackTeam "Walldorf"]
[WhiteTeamCountry "GER"]
[BlackTeamCountry "GER"]

1. e4 c6 2. d4 d5 3. Nc3 dxe4 4. Nxe4 Bf5 5. Ng3 Bg6 6. h4 h6 7. Nf3 Nd7 8. h5 Bh7 9. Bd3 Bxd3 10. Qxd3 Ngf6 11. Bf4 Qa5+ 12. Bd2 Qc7 13. 0-0-0 e6 14. Ne4 Nxe4 15. Qxe4 Nf6 16. Qe2 0-0-0 17. g3 c5 18. dxc5 Bxc5 19. Bf4 Bd6 20. Bxd6 Rxd6 21. Rxd6 Qxd6 22. Rd1 Qc7 23. Rd3 Nd5 24. Nd4 Rd8 25. a3 b6 26. Kb1 Kb7 27. f4 Nf6 28. Qf3+ Ka6 29. b4 Rd5 30. Rc3 Qd7 31. Nc6 Rd1+ 32. Kb2 Qd5 33. Qe2+ Kb7 34. Ne7 Qd4 35. Nc6 Rb1+ 36. Kxb1 Qxc3 37. Nd8+ Kb8 38. Nxf7 Qxa3 39. Qe5+ Ka8 40. Qd6 Nd5 41. Qd8+ Kb7 42. Qd7+ Kb8 43. Qd6+ Ka8 44. Qd8+ Kb7 45. Qd7+ Kb8 46. Qe8+ Kc7 47. Qd8+ Kb7 48. Qd7+ 1/2-1/2

[Event "Verbandsliga Nord Baden 0809"]
[Site "Germany"]
[Date "2008.11.30"]
[Round "4.4"]
[White "Bartsch, Steffen"]
[Black "Kappe, Benedikt"]
[Result "1/2-1/2"]
[WhiteElo "2275"]
[BlackElo "2013"]
[PlyCount "25"]
[EventDate "2008.09.28"]
[EventType "team"]
[EventRounds "9"]
[EventCountry "GER"]
[SourceTitle "EXT 2010"]
[Source "ChessBase"]
[SourceDate "2010.11.25"]
[SourceVersion "1"]
[SourceVersionDate "2010.11.25"]
[SourceQuality "1"]
[WhiteTeam "Hockenheim II"]
[BlackTeam "Walldorf"]
[WhiteTeamCountry "GER"]
[BlackTeamCountry "GER"]

1. d4 Nf6 2. Nf3 e6 3. Bf4 b6 4. e3 Be7 5. h3 0-0 6. Nbd2 Bb7 7. Bd3 d5 8. c3 Ne4 9. Qc2 f5 10. Ne5 Nd7 11. Nxd7 Qxd7 12. Nxe4 fxe4 13. Be2 1/2-1/2